000 00424nam a2200133Ia 4500
008 151021s9999 xx 000 0 und d
050 _aLC 3988 .K4K57 2002
245 _a_Special needs education module 1 Introduction to inclusive education Mary Warugu Ngugi
260 _aNairobi KISE 2002
300 _aviii,90p.;ill
650 _a_Special needs
700 _a_Cammy Abby otiato
980 _a^d20110608 12:01:15^oanne
999 _c7293
_d7293